[Event "Benidorm Satellite preliminary"]
[Site "playchess.com #007036"]
[Date "2009.10.24"]
[Round "7"]
[White "Fighterknight"]
[Black "Vasily Mln"]
[Result "1-0"]
[WhiteElo "2280"]
[BlackElo "2062"]
[PlyCount "123"]
[EventDate "2009.10.24"]
[EventType "swiss (blitz)"]

1. e4 {[%emt 0:00:02]} c5 {[%emt 0:00:01]} 2. Nf3 {[%emt 0:00:01]} d6 {[%emt 0:
00:02]} 3. Nc3 {[%emt 0:00:02]} a6 {[%emt 0:00:02]} 4. d4 {[%emt 0:00:07]} cxd4
{[%emt 0:00:00]} 5. Nxd4 {[%emt 0:00:02]} Nf6 {[%emt 0:00:05]} 6. Be3 {[%emt 0:
00:04]} e6 {[%emt 0:00:03]} 7. f3 {[%emt 0:00:10]} Be7 {[%emt 0:00:03]} 8. g4 {
[%emt 0:00:02]} Nc6 {[%emt 0:00:02]} 9. Qd2 {[%emt 0:00:08]} O-O {[%emt 0:00:
03]} 10. h4 {[%emt 0:00:04]} Nxd4 {[%emt 0:00:03]} 11. Bxd4 {[%emt 0:00:01]} b5
{[%emt 0:00:00]} 12. h5 {[%emt 0:00:03]} b4 {[%emt 0:00:28]} 13. Ne2 {[%emt 0:
00:20]} e5 {[%emt 0:00:02]} 14. Be3 {[%emt 0:00:04]} d5 {[%emt 0:00:07]} 15. g5
{[%emt 0:00:16]} Nxe4 {[%emt 0:01:18]} 16. fxe4 {[%emt 0:00:03]} d4 {[%emt 0:
00:00]} 17. Bf2 {[%emt 0:00:11]} Bxg5 {[%emt 0:00:01]} 18. Qd3 {[%emt 0:00:01]}
a5 {[%emt 0:00:05]} 19. Ng3 {[%emt 0:00:09]} Qc7 {[%emt 0:00:24]} 20. Be2 {
[%emt 0:00:38]} Ba6 {[%emt 0:00:10]} 21. Qd1 {[%emt 0:00:23]} Bb7 {[%emt 0:00:
01]} 22. Bd3 {[%emt 0:00:02]} f5 {[%emt 0:00:11]} 23. Rg1 {[%emt 0:00:18]} fxe4
{[%emt 0:00:25]} 24. Nxe4 {[%emt 0:00:00]} Bh6 {[%emt 0:00:02]} 25. Qg4 {[%emt
0:00:03]} Rf4 {[%emt 0:00:05]} 26. Qe2 {[%emt 0:00:03]} Raf8 {[%emt 0:00:02]}
27. Bg3 {[%emt 0:00:01]} R4f7 {[%emt 0:00:03]} 28. Nd2 {[%emt 0:00:05]} a4 {
[%emt 0:00:02]} 29. Be4 {[%emt 0:00:07] .} Qb6 {[%emt 0:00:01]} 30. Bxb7 {
[%emt 0:00:02]} Qxb7 {[%emt 0:00:00]} 31. Qe4 {[%emt 0:00:01]} Qc7 {[%emt 0:00:
02]} 32. O-O-O {[%emt 0:00:02]} b3 {[%emt 0:00:00]} 33. Kb1 {[%emt 0:00:05]}
bxa2+ {[%emt 0:00:01]} 34. Ka1 {[%emt 0:00:01]} a3 {[%emt 0:00:00]} 35. Bxe5 {
[%emt 0:00:07]} Qe7 {[%emt 0:00:03]} 36. b3 {[%emt 0:00:02]} Bxd2 {[%emt 0:00:
02]} 37. Rxd2 {[%emt 0:00:10]} Re8 {[%emt 0:00:01]} 38. Re2 {[%emt 0:00:02]} d3
{[%emt 0:00:09]} 39. cxd3 {[%emt 0:00:03]} Qe6 {[%emt 0:00:00]} 40. h6 {[%emt
0:00:02]} Qxb3 {[%emt 0:00:01]} 41. Qc4 {[%emt 0:00:05]} Qxc4 {[%emt 0:00:04]}
42. dxc4 {[%emt 0:00:00]} Rfe7 {[%emt 0:00:00]} 43. Rxg7+ {[%emt 0:00:02]} Rxg7
{[%emt 0:00:01]} 44. hxg7 {[%emt 0:00:00]} Kf7 {[%emt 0:00:00]} 45. c5 {[%emt
0:00:01]} Rc8 {[%emt 0:00:01]} 46. Rf2+ {[%emt 0:00:01]} Kg8 {[%emt 0:00:02]}
47. Bd6 {[%emt 0:00:01]} Kxg7 {[%emt 0:00:02]} 48. Kxa2 {[%emt 0:00:00]} Ra8 {
[%emt 0:00:02]} 49. Rf3 {[%emt 0:00:04]} h5 {[%emt 0:00:00]} 50. Rxa3 {[%emt 0:
00:01]} Rc8 {[%emt 0:00:00]} 51. Rg3+ {[%emt 0:00:02]} Kf7 {[%emt 0:00:02]} 52.
Kb3 {[%emt 0:00:00]} Ke6 {[%emt 0:00:00]} 53. Kc4 {[%emt 0:00:01]} Kf5 {[%emt
0:00:03]} 54. Kd5 {[%emt 0:00:02]} h4 {[%emt 0:00:01]} 55. Rg7 {[%emt 0:00:02]}
h3 {[%emt 0:00:03]} 56. Rh7 {[%emt 0:00:02]} Kg4 {[%emt 0:00:01]} 57. c6 {
[%emt 0:00:03]} Ra8 {[%emt 0:00:06]} 58. c7 {[%emt 0:00:01]} Ra5+ {[%emt 0:00:
01]} 59. Ke6 {[%emt 0:00:02]} Ra8 {[%emt 0:00:01]} 60. Rg7+ {[%emt 0:00:03]}
Kf3 {[%emt 0:00:01]} 61. Rg3+ {[%emt 0:00:01]} Ke4 {[%emt 0:00:01]} 62. Rxh3 {
[%emt 0:00:01] Vasily Mln Ñäàåòñÿ} 1-0

[Event "Benidorm Satellite preliminary"]
[Site "playchess.com #007036"]
[Date "2009.10.24"]
[Round "7"]
[White "Casellina"]
[Black "Althusius"]
[Result "0-1"]
[WhiteElo "1547"]
[BlackElo "1661"]
[PlyCount "130"]
[EventDate "2009.10.24"]
[EventType "swiss (blitz)"]

1. e4 {[%emt 0:00:01]} c5 {[%emt 0:00:01]} 2. Nf3 {[%emt 0:00:01]} d6 {[%emt 0:
00:01]} 3. c3 {[%emt 0:00:01]} Nf6 {[%emt 0:00:03]} 4. Bd3 {[%emt 0:00:01]} g6
{[%emt 0:00:03]} 5. Bc2 {[%emt 0:00:01]} e5 {[%emt 0:00:08]} 6. d4 {[%emt 0:00:
01]} Nc6 {[%emt 0:00:02]} 7. dxe5 {[%emt 0:00:11]} dxe5 {[%emt 0:00:01]} 8.
Qxd8+ {[%emt 0:00:02]} Kxd8 {[%emt 0:00:03]} 9. Bg5 {[%emt 0:00:04]} Bg7 {
[%emt 0:00:15]} 10. O-O {[%emt 0:00:04]} Ke7 {[%emt 0:00:02]} 11. Na3 {[%emt 0:
00:04]} h6 {[%emt 0:00:15]} 12. Bh4 {[%emt 0:00:07]} Be6 {[%emt 0:00:03]} 13.
Nb5 {[%emt 0:00:18]} Rac8 {[%emt 0:00:36]} 14. b3 {[%emt 0:00:16]} a6 {[%emt 0:
00:03]} 15. Na3 {[%emt 0:00:05]} Rcd8 {[%emt 0:00:02]} 16. Rad1 {[%emt 0:00:03]
} Rxd1 {[%emt 0:00:26]} 17. Rxd1 {[%emt 0:00:03]} Rd8 {[%emt 0:00:01]} 18. Rxd8
{[%emt 0:00:07]} Kxd8 {[%emt 0:00:00]} 19. Kf1 {[%emt 0:00:08]} Kd7 {[%emt 0:
00:03]} 20. Ke2 {[%emt 0:00:03]} Ne8 {[%emt 0:00:06]} 21. Bd3 {[%emt 0:00:16]}
Nd6 {[%emt 0:00:06]} 22. Bg3 {[%emt 0:00:04]} h5 {[%emt 0:00:06]} 23. Ng5 {
[%emt 0:00:12]} f6 {[%emt 0:00:05]} 24. Nxe6 {[%emt 0:00:02]} Kxe6 {[%emt 0:00:
01]} 25. f3 {[%emt 0:00:17]} b5 {[%emt 0:00:27]} 26. Bf2 {[%emt 0:00:08]} Nb7 {
[%emt 0:00:01]} 27. Nc2 {[%emt 0:00:10]} Ne7 {[%emt 0:00:08]} 28. Ne3 {[%emt 0:
00:08]} Bh6 {[%emt 0:00:02]} 29. h3 {[%emt 0:00:22]} Bxe3 {[%emt 0:00:02]} 30.
Bxe3 {[%emt 0:00:06]} Kd6 {[%emt 0:00:01]} 31. g4 {[%emt 0:00:10]} hxg4 {[%emt
0:00:04]} 32. hxg4 {[%emt 0:00:02]} g5 {[%emt 0:00:03]} 33. a4 {[%emt 0:00:06]}
Kc6 {[%emt 0:00:09]} 34. axb5+ {[%emt 0:00:04]} axb5 {[%emt 0:00:01]} 35. Kd2 {
[%emt 0:00:06]} Nd6 {[%emt 0:00:06]} 36. Bc2 {[%emt 0:00:08]} Ng6 {[%emt 0:00:
02]} 37. Ke2 {[%emt 0:00:03]} Nf4+ {[%emt 0:00:02]} 38. Bxf4 {[%emt 0:00:02]}
exf4 {[%emt 0:00:01]} 39. Kd2 {[%emt 0:00:03]} Nf7 {[%emt 0:00:01]} 40. Bd1 {
[%emt 0:00:02]} Ne5 {[%emt 0:00:01]} 41. Be2 {[%emt 0:00:01]} Kb6 {[%emt 0:00:
02]} 42. Kc2 {[%emt 0:00:01]} c4 {[%emt 0:00:02]} 43. bxc4 {[%emt 0:00:02]}
bxc4 {[%emt 0:00:03]} 44. Kd2 {[%emt 0:00:03]} Kc5 {[%emt 0:00:01]} 45. Kc2 {
[%emt 0:00:01]} Nc6 {[%emt 0:00:06]} 46. Kd2 {[%emt 0:00:01]} Na5 {[%emt 0:00:
01]} 47. Kc2 {[%emt 0:00:01]} Nb3 {[%emt 0:00:01]} 48. Kb2 {[%emt 0:00:04]} Nd2
{[%emt 0:00:03]} 49. Kc2 {[%emt 0:00:01]} Nb3 {[%emt 0:00:02]} 50. Kb2 {[%emt
0:00:01]} Na5 {[%emt 0:00:06]} 51. Kc2 {[%emt 0:00:01]} Kb5 {[%emt 0:00:01]}
52. Kb2 {[%emt 0:00:02]} Ka4 {[%emt 0:00:01]} 53. Bd1+ {[%emt 0:00:02]} Kb5 {
[%emt 0:00:02]} 54. Ka3 {[%emt 0:00:04]} Nb7 {[%emt 0:00:04]} 55. Ba4+ {[%emt
0:00:02]} Kc5 {[%emt 0:00:02]} 56. Bd1 {[%emt 0:00:03]} Nd8 {[%emt 0:00:04]}
57. Be2 {[%emt 0:00:02]} Ne6 {[%emt 0:00:03]} 58. Ka4 {[%emt 0:00:01]} Ng7 {
[%emt 0:00:05]} 59. Ka5 {[%emt 0:00:02]} Ne8 {[%emt 0:00:03]} 60. Ka4 {[%emt 0:
00:01]} Nd6 {[%emt 0:00:01]} 61. Ka3 {[%emt 0:00:03]} Nf7 {[%emt 0:00:01]} 62.
Ka4 {[%emt 0:00:01]} Ne5 {[%emt 0:00:01]} 63. Ka3 {[%emt 0:00:03]} Nd3 {[%emt
0:00:01]} 64. Ka2 {[%emt 0:00:04]} Nc1+ {[%emt 0:00:03]} 65. Kb2 {[%emt 0:00:
04]} Nxe2 {[%emt 0:00:00] Casellina resigns} 0-1

[Event "Benidorm Satellite preliminary"]
[Site "playchess.com #007036"]
[Date "2009.10.24"]
[Round "7"]
[White "Immer Letzter"]
[Black "FaIlWoRd"]
[Result "0-1"]
[WhiteElo "2529"]
[BlackElo "2697"]
[PlyCount "116"]
[EventDate "2009.10.24"]
[EventType "swiss (blitz)"]

1. e4 {[%emt 0:00:03]} e5 {[%emt 0:00:06]} 2. Nf3 {[%emt 0:00:02]} Nf6 {[%emt
0:00:01]} 3. d4 {[%emt 0:00:03]} Nxe4 {[%emt 0:00:02]} 4. dxe5 {[%emt 0:00:01]}
d5 {[%emt 0:00:03]} 5. Nbd2 {[%emt 0:00:02]} Nxd2 {[%emt 0:00:03]} 6. Qxd2 {
[%emt 0:00:01]} h6 {[%emt 0:00:03]} 7. Bd3 {[%emt 0:00:02]} c5 {[%emt 0:00:02]}
8. c3 {[%emt 0:00:18]} Nc6 {[%emt 0:00:01]} 9. Qf4 {[%emt 0:00:02]} Be6 {[%emt
0:00:02]} 10. O-O {[%emt 0:00:02]} Qc7 {[%emt 0:00:05]} 11. Re1 {[%emt 0:00:06]
} Be7 {[%emt 0:00:03]} 12. a3 {[%emt 0:00:19]} g5 {[%emt 0:00:04]} 13. Qg3 {
[%emt 0:00:03]} a5 {[%emt 0:00:08]} 14. Bd2 {[%emt 0:00:28]} a4 {[%emt 0:00:06]
} 15. h4 {[%emt 0:00:14]} g4 {[%emt 0:00:06]} 16. Nh2 {[%emt 0:00:03]} h5 {
[%emt 0:00:04]} 17. Nf1 {[%emt 0:00:03]} Qd8 {[%emt 0:00:14]} 18. Qe3 {[%emt 0:
00:19]} d4 {[%emt 0:00:08]} 19. cxd4 {[%emt 0:00:02]} Qxd4 {[%emt 0:00:08]} 20.
g3 {[%emt 0:00:12]} Qxe3 {[%emt 0:00:20]} 21. Rxe3 {[%emt 0:00:05]} Nd4 {[%emt
0:00:05]} 22. Nh2 {[%emt 0:00:12]} O-O-O {[%emt 0:00:14]} 23. Bc3 {[%emt 0:00:
05]} Nb3 {[%emt 0:00:06]} 24. Rae1 {[%emt 0:00:05]} c4 {[%emt 0:00:14]} 25. Be4
{[%emt 0:00:01]} Bc5 {[%emt 0:00:01]} 26. R3e2 {[%emt 0:00:04]} Bd4 {[%emt 0:
00:09]} 27. Nf1 {[%emt 0:00:09]} Bxc3 {[%emt 0:00:03]} 28. bxc3 {[%emt 0:00:01]
} Nc5 {[%emt 0:00:01]} 29. Bg2 {[%emt 0:00:03]} Rd3 {[%emt 0:00:07]} 30. Re3 {
[%emt 0:00:01]} Rhd8 {[%emt 0:00:03]} 31. f3 {[%emt 0:00:02]} Rd1 {[%emt 0:00:
18]} 32. fxg4 {[%emt 0:00:13]} Bxg4 {[%emt 0:00:00]} 33. Nh2 {[%emt 0:00:02]}
R8d3 {[%emt 0:00:15]} 34. Nxg4 {[%emt 0:00:05]} hxg4 {[%emt 0:00:01]} 35. h5 {
[%emt 0:00:02]} Ne6 {[%emt 0:00:11]} 36. Kf2 {[%emt 0:00:12]} Ng5 {[%emt 0:00:
11]} 37. R1e2 {[%emt 0:00:08]} Kd7 {[%emt 0:00:06]} 38. Bxb7 {[%emt 0:00:02]}
Ke6 {[%emt 0:00:02]} 39. Ba6 {[%emt 0:00:04]} Kd5 {[%emt 0:00:01]} 40. Bb7+ {
[%emt 0:00:03]} Ke6 {[%emt 0:00:01]} 41. Ba6 {[%emt 0:00:01]} Kd5 {[%emt 0:00:
01]} 42. Bb7+ {[%emt 0:00:00]} Kc5 {[%emt 0:00:03]} 43. h6 {[%emt 0:00:04]} Rd8
{[%emt 0:00:10]} 44. e6 {[%emt 0:00:02]} Nxe6 {[%emt 0:00:02]} 45. Re5+ {[%emt
0:00:05]} Kb6 {[%emt 0:00:01]} 46. Be4 {[%emt 0:00:04]} Nc5 {[%emt 0:00:01]}
47. h7 {[%emt 0:00:03]} Rh8 {[%emt 0:00:01]} 48. Bf5 {[%emt 0:00:02]} Rh1 {
[%emt 0:00:03]} 49. Ke3 {[%emt 0:00:03]} Nd3 {[%emt 0:00:02]} 50. Re7 {[%emt 0:
00:02]} Rh5 {[%emt 0:00:02]} 51. Bxd3 {[%emt 0:00:02]} cxd3 {[%emt 0:00:02]}
52. Kxd3 {[%emt 0:00:00]} R8xh7 {[%emt 0:00:03]} 53. R2e4 {[%emt 0:00:01]} Rd5+
{[%emt 0:00:02]} 54. Ke3 {[%emt 0:00:02]} Rh1 {[%emt 0:00:03]} 55. Kf4 {[%emt
0:00:08]} Rf1+ {[%emt 0:00:01]} 56. Kxg4 {[%emt 0:00:01]} f5+ {[%emt 0:00:01]}
57. Kh3 {[%emt 0:00:02]} fxe4 {[%emt 0:00:01]} 58. Kg2 {[%emt 0:00:01]} Rf3 {
[%emt 0:00:01] Immer Letzter gibt auf} 0-1

[Event "Benidorm Satellite preliminary"]
[Site "playchess.com #007036"]
[Date "2009.10.24"]
[Round "7"]
[White "Pupu"]
[Black "Misu2008"]
[Result "0-1"]
[WhiteElo "2051"]
[BlackElo "1792"]
[PlyCount "130"]
[EventDate "2009.10.24"]
[EventType "swiss (blitz)"]

1. e4 {[%emt 0:00:01]} d5 {[%emt 0:00:02]} 2. d4 {[%emt 0:00:01]} dxe4 {[%emt
0:00:02]} 3. Nc3 {[%emt 0:00:00]} Nf6 {[%emt 0:00:03]} 4. f3 {[%emt 0:00:04]}
exf3 {[%emt 0:00:03]} 5. Nxf3 {[%emt 0:00:02]} Bg4 {[%emt 0:00:02]} 6. Be2 {
[%emt 0:00:04]} e6 {[%emt 0:00:02]} 7. O-O {[%emt 0:00:02]} Be7 {[%emt 0:00:01]
} 8. h3 {[%emt 0:00:05]} Bh5 {[%emt 0:00:07]} 9. Bf4 {[%emt 0:00:01]} c6 {
[%emt 0:00:03]} 10. Qd2 {[%emt 0:00:13]} O-O {[%emt 0:00:04]} 11. a3 {[%emt 0:
00:03]} Nd5 {[%emt 0:00:19]} 12. Be5 {[%emt 0:00:22]} Nxc3 {[%emt 0:00:04]} 13.
bxc3 {[%emt 0:00:11]} Nd7 {[%emt 0:00:01]} 14. Bf4 {[%emt 0:00:05]} Nf6 {[%emt
0:00:03]} 15. Bd3 {[%emt 0:00:08]} Nd5 {[%emt 0:00:05]} 16. Bh2 {[%emt 0:00:09]
} Qa5 {[%emt 0:00:11]} 17. c4 {[%emt 0:00:14]} Qxd2 {[%emt 0:00:17]} 18. Nxd2 {
[%emt 0:00:01]} Bg5 {[%emt 0:00:46]} 19. Ne4 {[%emt 0:00:11]} Be3+ {[%emt 0:00:
02]} 20. Kh1 {[%emt 0:00:03]} Nb6 {[%emt 0:00:13]} 21. c3 {[%emt 0:00:04]} Bg6
{[%emt 0:00:04]} 22. c5 {[%emt 0:00:33]} Nd5 {[%emt 0:00:06]} 23. Rf3 {[%emt 0:
00:21]} Bxe4 {[%emt 0:00:25]} 24. Bxe4 {[%emt 0:00:01]} Bd2 {[%emt 0:00:08]}
25. Bxd5 {[%emt 0:00:08]} exd5 {[%emt 0:00:15]} 26. Rb1 {[%emt 0:00:03]} b5 {
[%emt 0:00:08]} 27. cxb6 {[%emt 0:00:15]} axb6 {[%emt 0:00:01]} 28. Bd6 {[%emt
0:00:02]} Rfe8 {[%emt 0:00:04]} 29. Rxb6 {[%emt 0:00:07]} Re6 {[%emt 0:00:09]}
30. Bb4 {[%emt 0:00:09]} Re1+ {[%emt 0:00:05]} 31. Kh2 {[%emt 0:00:01]} Re6 {
[%emt 0:00:01]} 32. Rb7 {[%emt 0:00:11] .} f6 {[%emt 0:00:01]} 33. g4 {[%emt 0:
00:01]} Re2+ {[%emt 0:00:02]} 34. Kg3 {[%emt 0:00:01]} h6 {[%emt 0:00:04]} 35.
c4 {[%emt 0:00:05]} dxc4 {[%emt 0:00:02]} 36. Bxd2 {[%emt 0:00:01]} Rxd2 {
[%emt 0:00:01]} 37. Rc3 {[%emt 0:00:01]} Rxd4 {[%emt 0:00:01]} 38. Rc7 {[%emt
0:00:00]} Re8 {[%emt 0:00:02]} 39. Rxc6 {[%emt 0:00:01]} Ree4 {[%emt 0:00:01]}
40. g5 {[%emt 0:00:02]} Rd3+ {[%emt 0:00:01]} 41. Rxd3 {[%emt 0:00:01]} cxd3 {
[%emt 0:00:01]} 42. Rd6 {[%emt 0:00:01]} hxg5 {[%emt 0:00:03]} 43. Kf3 {[%emt
0:00:02]} Rh4 {[%emt 0:00:03]} 44. Kg3 {[%emt 0:00:01]} Ra4 {[%emt 0:00:02]}
45. Rxd3 {[%emt 0:00:01]} Kf7 {[%emt 0:00:01]} 46. Re3 {[%emt 0:00:01]} Kg6 {
[%emt 0:00:01]} 47. Rb3 {[%emt 0:00:01]} Kf5 {[%emt 0:00:01]} 48. Rb5+ {[%emt
0:00:01]} Kg6 {[%emt 0:00:01]} 49. Rb3 {[%emt 0:00:01]} f5 {[%emt 0:00:01]} 50.
Rb6+ {[%emt 0:00:01]} Kh5 {[%emt 0:00:01]} 51. Rb3 {[%emt 0:00:01]} f4+ {[%emt
0:00:01]} 52. Kf3 {[%emt 0:00:01]} Kh4 {[%emt 0:00:01]} 53. Kf2 {[%emt 0:00:02]
} g4 {[%emt 0:00:02]} 54. hxg4 {[%emt 0:00:01]} Kxg4 {[%emt 0:00:01]} 55. Kg2 {
[%emt 0:00:01]} g5 {[%emt 0:00:01]} 56. Kf2 {[%emt 0:00:01]} Kh4 {[%emt 0:00:
02]} 57. Kg2 {[%emt 0:00:01]} Kg4 {[%emt 0:00:01]} 58. Kf2 {[%emt 0:00:01]} Rc4
{[%emt 0:00:02]} 59. Rb4 {[%emt 0:00:04]} Rc2+ {[%emt 0:00:02]} 60. Kf1 {[%emt
0:00:01]} Kg3 {[%emt 0:00:03]} 61. a4 {[%emt 0:00:03]} f3 {[%emt 0:00:01]} 62.
Ke1 {[%emt 0:00:02]} f2+ {[%emt 0:00:02]} 63. Kd1 {[%emt 0:00:04]} Ra2 {[%emt
0:00:01]} 64. Rb3+ {[%emt 0:00:07]} Kg2 {[%emt 0:00:02]} 65. a5 {[%emt 0:00:04]
} f1=Q# {[%emt 0:00:01]} 0-1

[Event "Benidorm Satellite preliminary"]
[Site "playchess.com #007036"]
[Date "2009.10.24"]
[Round "7"]
[White "Hatimati"]
[Black "Yoborjamari"]
[Result "0-1"]
[WhiteElo "2488"]
[BlackElo "2192"]
[PlyCount "134"]
[EventDate "2009.10.24"]
[EventType "swiss (blitz)"]

1. e4 {[%emt 0:00:02]} d5 {[%emt 0:00:02]} 2. exd5 {[%emt 0:00:02]} Qxd5 {
[%emt 0:00:01]} 3. Nc3 {[%emt 0:00:02]} Qa5 {[%emt 0:00:01]} 4. Nf3 {[%emt 0:
00:01]} Nf6 {[%emt 0:00:02]} 5. Bc4 {[%emt 0:00:01]} Bg4 {[%emt 0:00:03]} 6. b4
{[%emt 0:00:06]} Qxb4 {[%emt 0:00:07]} 7. Qe2 {[%emt 0:00:02]} Bxf3 {[%emt 0:
00:26]} 8. gxf3 {[%emt 0:00:02]} Qd6 {[%emt 0:00:19]} 9. Rb1 {[%emt 0:00:03]}
b6 {[%emt 0:00:02]} 10. Nb5 {[%emt 0:00:51]} Qd7 {[%emt 0:00:11]} 11. Qe5 {
[%emt 0:00:09]} Na6 {[%emt 0:00:08]} 12. Nc3 {[%emt 0:00:07]} Nc5 {[%emt 0:00:
09]} 13. d4 {[%emt 0:00:08]} Nb7 {[%emt 0:00:09]} 14. Nb5 {[%emt 0:00:07]} Nd6
{[%emt 0:00:04]} 15. Nxd6+ {[%emt 0:00:13]} Qxd6 {[%emt 0:00:03]} 16. Bf4 {
[%emt 0:00:34]} Qxe5+ {[%emt 0:00:42]} 17. dxe5 {[%emt 0:00:00]} Nd7 {[%emt 0:
00:02]} 18. e6 {[%emt 0:00:21]} fxe6 {[%emt 0:00:02]} 19. Bb5 {[%emt 0:00:01]}
O-O-O {[%emt 0:00:05]} 20. Ba6+ {[%emt 0:00:13]} Kb8 {[%emt 0:00:02]} 21. Rd1 {
[%emt 0:00:01]} e5 {[%emt 0:00:24]} 22. Bxe5 {[%emt 0:00:04]} e6 {[%emt 0:00:
01]} 23. O-O {[%emt 0:00:01]} Bc5 {[%emt 0:00:13]} 24. Bg3 {[%emt 0:00:04]} e5
{[%emt 0:00:12]} 25. Bb5 {[%emt 0:00:02]} Bd6 {[%emt 0:00:11]} 26. Rfe1 {[%emt
0:00:08]} Rhf8 {[%emt 0:00:04]} 27. Kg2 {[%emt 0:00:02]} Nc5 {[%emt 0:00:02]}
28. Bc6 {[%emt 0:00:06]} Ne6 {[%emt 0:00:01]} 29. Bxe5 {[%emt 0:00:03]} Bxe5 {
[%emt 0:00:01]} 30. Rxd8+ {[%emt 0:00:03]} Nxd8 {[%emt 0:00:01]} 31. Rxe5 {
[%emt 0:00:10]} Nxc6 {[%emt 0:00:01]} 32. Re6 {[%emt 0:00:01]} Kb7 {[%emt 0:00:
01]} 33. Kg3 {[%emt 0:00:02]} Rf7 {[%emt 0:00:00]} 34. f4 {[%emt 0:00:01]} a5 {
[%emt 0:00:01]} 35. Kg4 {[%emt 0:00:01]} b5 {[%emt 0:00:03]} 36. f5 {[%emt 0:
00:01]} Kb6 {[%emt 0:00:04]} 37. Re8 {[%emt 0:00:07]} Kc5 {[%emt 0:00:01]} 38.
f4 {[%emt 0:00:04]} Nd4 {[%emt 0:00:01]} 39. c3 {[%emt 0:00:03]} Nc6 {[%emt 0:
00:06]} 40. Rh8 {[%emt 0:00:02]} h6 {[%emt 0:00:01]} 41. Re8 {[%emt 0:00:02]}
b4 {[%emt 0:00:02]} 42. cxb4+ {[%emt 0:00:01]} Nxb4 {[%emt 0:00:01]} 43. Re5+ {
[%emt 0:00:01]} Nd5 {[%emt 0:00:01]} 44. Kh5 {[%emt 0:00:01]} Kd6 {[%emt 0:00:
01]} 45. Re6+ {[%emt 0:00:02]} Kd7 {[%emt 0:00:04]} 46. Ra6 {[%emt 0:00:02]}
Rxf5+ {[%emt 0:00:02]} 47. Kg6 {[%emt 0:00:01]} Ne7+ {[%emt 0:00:02]} 48. Kxg7
{[%emt 0:00:01]} Rxf4 {[%emt 0:00:01]} 49. Rxa5 {[%emt 0:00:01]} Rh4 {[%emt 0:
00:01]} 50. Ra6 {[%emt 0:00:04]} h5 {[%emt 0:00:01]} 51. Ra3 {[%emt 0:00:00]}
Rxh2 {[%emt 0:00:01]} 52. Rd3+ {[%emt 0:00:01]} Kc6 {[%emt 0:00:02]} 53. Kf6 {
[%emt 0:00:01]} Nd5+ {[%emt 0:00:01]} 54. Ke5 {[%emt 0:00:01]} Nb4 {[%emt 0:00:
02]} 55. Rc3+ {[%emt 0:00:01]} Kb6 {[%emt 0:00:01]} 56. a3 {[%emt 0:00:01]}
Nc6+ {[%emt 0:00:02]} 57. Kd5 {[%emt 0:00:01]} Rd2+ {[%emt 0:00:04]} 58. Kc4 {
[%emt 0:00:01]} Rd4+ {[%emt 0:00:02]} 59. Kb3 {[%emt 0:00:01]} h4 {[%emt 0:00:
01]} 60. Rh3 {[%emt 0:00:05]} Na5+ {[%emt 0:00:02]} 61. Kc3 {[%emt 0:00:01]}
Rg4 {[%emt 0:00:01]} 62. Kd2 {[%emt 0:00:01]} c5 {[%emt 0:00:02]} 63. Ke2 {
[%emt 0:00:03]} Kb5 {[%emt 0:00:02]} 64. Kd2 {[%emt 0:00:02]} Ka4 {[%emt 0:00:
02]} 65. Ke2 {[%emt 0:00:02]} c4 {[%emt 0:00:01]} 66. Kd2 {[%emt 0:00:03]} Nb3+
{[%emt 0:00:03]} 67. Kc2 {[%emt 0:00:04]} Kxa3 {[%emt 0:00:03] Hatimati resigns
} 0-1